Extracción de la catarata por el procedimiento llamado extracción lineal modificada de Graefe (Record no. 48507)

MARC details
000 -LEADER
campo de control de longitud fija 00643nam a22001815i 4500
001 - NÚMERO DE CONTROL
campo de control 48507
003 - IDENTIFICADOR DE NÚMERO DE CONTROL
campo de control ES-MaACL
005 - FECHA Y HORA DE LA ÚLTIMA TRANSACCIÓN
campo de control 20251123063301.0
007 - CAMPO FIJO DE DESCRIPCIÓN FÍSICA--INFORMACIÓN GENERAL
campo de control de longitud fija t|
008 - DATOS DE LONGITUD FIJA--INFORMACIÓN GENERAL
campo de control de longitud fija 950724s1871 sp ||||1| spa d
040 ## - FUENTE DE CATALOGACIÓN
Centro catalogador/agencia de origen CAM
Lengua de catalogación spa
Centro/agencia transcriptor CAM
100 1# - ENTRADA PRINCIPAL--NOMBRE DE PERSONA
Nombre de persona Delgado Jugo, Francisco de Asís,
Fechas asociadas al nombre 1830-1875
9 (RLIN) 43460
245 10 - MENCIÓN DEL TÍTULO
Título Extracción de la catarata por el procedimiento llamado extracción lineal modificada de Graefe
Resto del título : procedimiento de Webwe /
Mención de responsabilidad, etc. por... Francisco Delgado Jugo.
260 ## - PUBLICACIÓN, DISTRIBUCIÓN, ETC.
Lugar de publicación, distribución, etc. Cádiz :
Nombre del editor, distribuidor, etc. [s.n.],
Fecha de publicación, distribución, etc. 1871 (
Fabricante tip. La Mercantil)
300 ## - DESCRIPCIÓN FÍSICA
Extensión [4], 10 p. ;
Dimensiones 21 cm.
852 ## - LOCALIZACIÓN
Ubicación ES-MaACL
Número de control de estantería T-622-F-6
Holdings
Estatus retirado Estado de pérdida Estado de daño No para préstamo Colección Biblioteca de origen Biblioteca actual Ubicación en estantería Fecha de adquisición Fuente de adquisición Total de préstamos Signatura topográfica completa Código de barras Visto por última vez Precio de reemplazo Tipo de ítem Koha
        Colección de folletos Biblioteca del Ateneo de Madrid Biblioteca del Ateneo de Madrid Depósito folletos 17/01/2008     T-622-F-6 1051047 23/02/2023 23/02/2023 Folleto